Psicomotricidad para construir el yo corporal de los niños con TEA (Trastorno del Espectro Autista) /

Detalles Bibliográficos
Autor principal: Proaño Arias, Elida Margarita (Autor)
Formato: Electrónico eBook
Lenguaje:español
Publicado: Cuenca, Ecuador : Universidad del Azuay, Casa Editora, [2018]
Materias:
Acceso en línea:Digitalia Hispánica

MARC

LEADER 00000nam a2200000 i 4500
001 DIGUAZUAY0053
003 NyNyDIG
007 cr |||||||||||
008 260116s2018 ec ob 000 0 spa d
006 m o d
035 |a (OCoLC)1569883735 
040 |a DGITA  |b eng  |e rda  |e pn  |c DGITA 
020 |a 9789942778468  |q eBook 
020 |z 9789942778451 
050 1 4 |a RC553.A88 ebook 
100 1 |a Proaño Arias, Elida Margarita,  |e author. 
245 1 0 |a Psicomotricidad para construir el yo corporal de los niños con TEA (Trastorno del Espectro Autista) /  |c Élida Margarita Proaño Arias [and 3 others]. 
264 1 |a Cuenca, Ecuador :  |b Universidad del Azuay, Casa Editora,  |c [2018] 
300 |a 1 online resource :  |b color illustrations, color photographs. 
336 |a text  |b txt  |2 rdacontent 
337 |a computer  |b c  |2 rdamedia 
338 |a online resource  |b cr  |2 rdacarrier 
347 |a text file  |2 rdaft 
347 |b PDF 
504 |a Includes bibliographical references. 
588 0 |a Online resource; title from PDF title page (Digitalia, viewed January 16, 2026) 
650 0 |a Children with autism spectrum disorders. 
650 0 |a Autism spectrum disorders in children  |x Treatment. 
650 0 |a Perceptual-motor learning. 
791 2 |a Digitalia (Firm),  |e distributor. 
793 0 |g Digitalia eBook Collection:  |a Universidad del Azuay 
776 0 8 |i Print version:  |a Proaño Arias, Elida Margarita.  |t Psicomotricidad para construir el yo corporal de los niños con TEA.  |d Cuenca, Ecuador : Universidad del Azuay, Casa Editora, [2018]  |z 9789942778451 
856 4 0 |3 Digitalia Hispánica  |u https://www.digitaliapublishing.com/a/133436/ 
910 |a Premium collection: 2026